[Event "AUT-ch Vor4 Internet"]
[Site "Playchess.com INT"]
[Date "2020.04.25"]
[Round "8"]
[White "Prinz, Hubert"]
[Black "Radnaev, Vitaly"]
[Result "0-1"]
[WhiteElo "1956"]
[BlackElo "1939"]
[PlyCount "116"]
[EventDate "2020.04.25"]
[EventType "swiss (blitz)"]
[EventRounds "9"]
[EventCountry "AUT"]
[SourceTitle "EXT 2021"]
[Source "ChessBase"]
[SourceDate "2020.10.23"]
[SourceVersion "1"]
[SourceVersionDate "2020.10.23"]
[SourceQuality "1"]

1. d4 Nf6 2. Nf3 b6 3. e3 Bb7 4. Bd3 e6 5. 0-0 Be7 6. c3 0-0 7. Nbd2 d6 8. e4 Nbd7 9. Re1 e5 10. Nf1 Re8 11. Ng3 Bf8 12. h3 g6 13. d5 a5 14. c4 c6 15. b3 cxd5 16. cxd5 Rc8 17. Bb5 Bg7 18. Bg5 Rf8 19. Rc1 Nc5 20. Nd2 h6 21. Be3 Qe7 22. Nc4 Ncxe4 23. Nxe4 Nxe4 24. Nxb6 Rxc1 25. Qxc1 Kh7 26. a4 f5 27. f3 Nf6 28. Bf2 Nxd5 29. Nxd5 Bxd5 30. Qd2 Bxb3 31. Qxa5 e4 32. fxe4 fxe4 33. Bg3 Bd4+ 34. Kh2 Bf2 35. Bxf2 Rxf2 36. Qc3 Qg5 37. Qg3 Qd2 38. Rxe4 Bd5 39. Re7+ Kh8 40. Re8+ Kg7 41. Re2 Rxe2 42. Bxe2 Qxe2 43. a5 h5 44. a6 Qxa6 45. Qg5 Bf7 46. Qe7 Qd3 47. Kg1 Qd4+ 48. Kh1 Qe5 49. Qc7 Qe1+ 50. Kh2 Qe5+ 51. Kh1 Qd4 52. Qd7 d5 53. Kh2 Qd3 54. Qd6 Qd4 55. Kh1 Qf6 56. Qg3 d4 57. Qd3 Qe5 58. Qb5 Qxb5 0-1

[Event "AUT-ch Vor4 Internet"]
[Site "Playchess.com INT"]
[Date "2020.04.25"]
[Round "5"]
[White "Scheffknecht, Philipp"]
[Black "Radnaev, Vitaly"]
[Result "1-0"]
[WhiteElo "2087"]
[BlackElo "1939"]
[PlyCount "139"]
[EventDate "2020.04.25"]
[EventType "swiss (blitz)"]
[EventRounds "9"]
[EventCountry "AUT"]
[SourceTitle "EXT 2021"]
[Source "ChessBase"]
[SourceDate "2020.10.23"]
[SourceVersion "1"]
[SourceVersionDate "2020.10.23"]
[SourceQuality "1"]

1. c4 Nf6 2. Nc3 c5 3. Nf3 e6 4. g3 Be7 5. Bg2 0-0 6. d4 cxd4 7. Nxd4 d6 8. 0-0 a6 9. e4 Qc7 10. Be3 Nbd7 11. Rc1 Rb8 12. f4 b6 13. e5 dxe5 14. Nc6 Bc5 15. Bxc5 Nxc5 16. Nxb8 Qxb8 17. fxe5 Qxe5 18. Qe2 Qc7 19. b4 Ncd7 20. Ne4 Bb7 21. Nxf6+ Nxf6 22. Bxb7 Qxb7 23. c5 bxc5 24. bxc5 Rc8 25. Qf3 Nd5 26. c6 Qa7+ 27. Kh1 f6 28. Qe4 Qf7 29. Rfe1 e5 30. Red1 Nb6 31. c7 g6 32. Rd8+ Kg7 33. Rxc8 Nxc8 34. Qb7 Qd7 35. Qc6 Qg4 36. Rf1 Kh6 37. Qxf6 Qe4+ 38. Qf3 Qc4 39. Rf2 Qxc7 40. Kg2 Nd6 41. Qf8+ Kh5 42. h3 Qc6+ 43. Kh2 Ne4 44. g4+ Kg5 45. Qe7+ Kh6 46. Qf8+ Kg5 47. h4+ Kxh4 48. Qh6+ Kxg4 49. Qh3+ Kg5 50. Qg2+ Kh6 51. Re2 Qf6 52. Rxe4 Kg7 53. Re2 Qf4+ 54. Qg3 Qd4 55. Rf2 h5 56. Qf3 Kh6 57. Re2 Qh4+ 58. Kg2 Qg5+ 59. Kf1 h4 60. Qe3 Kh5 61. Qxg5+ Kxg5 62. Rxe5+ Kf4 63. Ra5 g5 64. Rxa6 g4 65. Ra4+ Kf3 66. Rb4 h3 67. Rb3+ Kf4 68. Kg1 g3 69. a4 Kg4 70. a5 1-0

[Event "AUT-ch Vor4 Internet"]
[Site "Playchess.com INT"]
[Date "2020.04.25"]
[Round "6"]
[White "Sulzbacher, Michael"]
[Black "Radnaev, Vitaly"]
[Result "0-1"]
[WhiteElo "2018"]
[BlackElo "1939"]
[PlyCount "42"]
[EventDate "2020.04.25"]
[EventType "swiss (blitz)"]
[EventRounds "9"]
[EventCountry "AUT"]
[SourceTitle "EXT 2021"]
[Source "ChessBase"]
[SourceDate "2020.10.23"]
[SourceVersion "1"]
[SourceVersionDate "2020.10.23"]
[SourceQuality "1"]

1. Nc3 Nf6 2. g4 d5 3. g5 Ne4 4. Nxe4 dxe4 5. Bg2 Bf5 6. h4 Nc6 7. e3 e5 8. Ne2 g6 9. b3 h6 10. gxh6 Rxh6 11. Bb2 Rxh4 12. Rxh4 Qxh4 13. d4 exd3 14. cxd3 0-0-0 15. Ng3 Bxd3 16. Qf3 Bb4+ 17. Kd1 Be4+ 18. Ke2 Bxf3+ 19. Kxf3 f5 20. Nxf5 gxf5 21. Rh1 Qg4# 0-1